Statistics for Least Forested States

Click here to take the quiz!

General Stats

  • This quiz has been taken 21 times
  • The average score is 8 of 10

Answer Stats

HintAnswer% Correct
15.8%Nevada
94%
25.6%Arizona
89%
8.4%Iowa
89%
4.7%Kansas
89%
3.2%Nebraska
89%
1.7%North Dakota
89%
3.9%South Dakota
89%
13.6%Illinois
78%
21.0%Indiana
67%
18.4%Wyoming
61%

Score Distribution

Percentile by Number Answered

Percent of People with Each Score

Your Score History

You have not taken this quiz